000
00243nam a2200109Ia 4500
008
190216s9999||||xx |||||||||||||| ||und||
100
_a
Rao B V
245
0
_a
World History
260
_b
Sterling Publications
650
_a
History
942
_c
BK
999
_c
19360
_d
19360